000 00412 a2200133 4500
001 ART_8499
005 20260410161557.0
008 260409a
245 1 0 _aCombinaciones de negocios e informes prospectivos
100 1 _aViegas, Juan Carlos
700 1 _aGarcía, Sergio O.
700 1 _aPérez, Jorge Orlando
773 0 _tProfesional & Empresaria
_g- Año XII, Nº 135 (dic. 2010)
_wREV70
999 _c9366
_d9366